Normal view
MARC view
- Markstrat
Entry Personal Name
001 - CONTROL NUMBER
- control field: 4788
003 - CONTROL NUMBER IDENTIFIER
- control field: OSt
005 - DATE AND TIME OF LATEST TRANSACTION
- control field: 20180116083228.0
008 - FIXED-LENGTH DATA ELEMENTS
- fixed length control field: 180116|| aca||aabn | a|a d
040 ## - CATALOGING SOURCE
- Original cataloging agency: OSt
- Transcribing agency: OSt
100 ## - HEADING--PERSONAL NAME
- Personal name: Markstrat
670 ## - SOURCE DATA FOUND
- Source citation: Work cat.: (OSt): Markstrat, The Magic Slippers, 2006